|
|
|
|
| LEADER |
00000nab a2200000 a 4500 |
| 001 |
vtls008934400 |
| 003 |
SK-MaSNL |
| 005 |
20260304143603.0 |
| 008 |
250505c2006 xo |||||||||||000 b|slo |
| 015 |
|
|
|a SNBRB2007/01
|2 snkbucl
|
| 035 |
|
|
|a urn:nbn:sk:snk-ab8825
|
| 035 |
|
|
|a (urnnbn)urn:nbn:sk:snk:ar-006py3
|
| 035 |
|
|
|a (uuid)6fe355c8-f56b-4189-b0b9-1b77251c1fe0
|
| 038 |
|
|
|a SNKBUCL
|
| 040 |
|
|
|a SNKBUCL
|b slo
|c SNKBUCL
|e AACR2
|
| 041 |
0 |
|
|a slo
|
| 044 |
|
|
|a xo
|c SK
|
| 080 |
|
|
|a 631-051
|2 1997
|
| 080 |
|
|
|a 636-051
|2 1997
|
| 080 |
|
|
|a 37-051
|2 1997
|
| 080 |
|
|
|a 929 Sommer, Alexander
|2 1997
|
| 100 |
1 |
|
|a Plesník, Ján,
|d 1925-
|4 aut
|9 197660
|
| 245 |
1 |
0 |
|a Životné jubileum prof. Ing. Alexandra Sommera, DrSc., PhD.
|c Ján Plesník
|
| 300 |
|
|
|b Fotogr.
|
| 600 |
1 |
7 |
|a Sommer, Alexander
|d 1936-
|2 snkbucl
|9 841136
|
| 773 |
0 |
|
|t Slovenský chov
|g Roč. XI, č. 9 (2006), s. 42
|x 1335-1990
|
| 850 |
|
|
|a Slovenská národná knižnica
|
| 852 |
|
|
|a Slovenská národná knižnica
|
| 954 |
|
|
|a odborná, vedecká literatúra pôvodná (slovenská)
|2 lita
|
| 958 |
|
|
|a article9
|
| 958 |
|
|
|a OND
|
| 958 |
|
|
|a SK
|
| 958 |
|
|
|a BX
|
| 958 |
|
|
|a EUIPO
|
| 999 |
|
|
|c 2926322
|d 2928252
|